Metodológia ako vedecká disciplína

Podstata a význam metodológie. Vzájomný vzťah pojmov metodológia vedy, metóda vedeckej práce a metodika vedeckej práce. Významnosť výberu správnych krokov pri vedeckom bádaní.

Gespeichert in:
Bibliographische Detailangaben
1. Verfasser: Deáková, Stanislava, 1974-
Format: Buchkapitel
Sprache:Slowakisch
Schlagworte:
Tags: Tag hinzufügen
Keine Tags, Fügen Sie das erste Tag hinzu!

MARC

LEADER 00000nla$a2200000$$$4500
001 0145043
005 20240502072614.4
041 0 |a slo 
044 |a SK 
245 1 0 |a Metodológia ako vedecká disciplína  |c Stanislava Deáková 
520 |a Podstata a význam metodológie. Vzájomný vzťah pojmov metodológia vedy, metóda vedeckej práce a metodika vedeckej práce. Významnosť výberu správnych krokov pri vedeckom bádaní. 
610 2 0 |a veda 
610 2 0 |a disciplína vedná 
610 2 0 |a metodológia vied 
610 2 0 |a práca vedecká 
610 2 0 |a metódy 
610 2 0 |a metodika 
100 1 |a Deáková, Stanislava, 1974-